Personajes Inazuma Eleven - Estadísticas

Estadísticas generales
  • Esta prueba ha sido intentada 243 veces
  • La puntuación promedio es 40 de 83
Estadísticas de respuestas
Respuesta % Correcto
Mark Evans
99%
Axel Blaze
98%
Jack Wallside
95%
Jude Sharp
93%
Kevin Dragonfly
91%
Nathan Swift
90%
Tod Ironside
89%
Shawn Froste
88%
Sam Kincaid
87%
Erik Eagle
83%
Bobby Shearer
82%
Jim Wraith
82%
Steve Grim
82%
Xavier Foster
82%
Xavier Schiller
82%
Willy Glass
80%
Tori Vanguard
78%
Byron Love
76%
Darren LaChance
74%
Max Carson
74%
Arion Sherwind
73%
Austin Hobbes
72%
Caleb Stonewall
72%
Scotty Banyan
70%
Victor Blade
70%
Jordan Greenway
69%
Timmy Saunders
67%
Archer Hawkins
65%
David Samford
65%
Thor Stoutberg
65%
Hurley Kane
62%
Sue Hartland
62%
Riccardo Di Rigo
55%
Gabriel Garcia
53%
Jean-Pierre Lapin
53%
Aitor Cazador
50%
Fei Rune
50%
Goldie Lemmon
50%
Samguk Han
47%
Subaru Honda
47%
Shadow Cimmerian
46%
Zanark Avalonic
45%
Michael Ballzack
42%
Sol Daystar
42%
Eugene Peabody
41%
Ade Kebe
39%
Ryoma Nishiki
39%
Sor
39%
Wanli Changcheng
39%
Lucian Dark
38%
Aiden Froste
36%
Falco Flashman
35%
Terry Archibald
33%
Trina Verdure
30%
Sonny Wright
29%
Buddy Fury
27%
Doug McArthur
27%
Frank Foreman
26%
Keenan Sharpe
25%
Cerise Blossom
24%
Zippy Lerner
24%
Shunsuke Aoyama
23%
Dave Quagmire
22%
Elliot Ember
22%
Hugues Baudet
22%
Heath Moore
21%
Adriano Donati
16%
Sandra Fischer
16%
Valentin Eisner
15%
Basile Hardy
14%
Lucas Star
14%
Billy Miller
13%
Cliff Parker
13%
Hunter Foster
13%
Nino Nango
13%
Cesar Montalban
12%
Duske Grayling
12%
Lars Dijkstra
12%
Maxime Dassier
12%
Sven Johansson
12%
Trevor Cook
12%
Kiko Calavento
11%
Acker Reese
9%
No se encontraron pruebas coincidentes
Distribución de puntuación
Porcentaje de gente con cada puntuación
Porcentaje por número respondido
Historial de tus puntuaciones
No has intentado esta prueba.